Statistiken für Google Jahresrückblick 2022 - Abschiede des Jahres

Klicken Sie hier um das Quiz zu spielen!

Allgemein

  • Dieses Quiz wurde 63 mal gespielt
  • Das Durchschnittsergebnis liegt bei 2 aus 10

Antwortstatistiken

Suchbegriff% Korrekt
Queen
93%
Uwe Seeler
25%
Olivia Newton John
10%
Aaron Carter
8%
Meat Loaf
7%
Anne Heche
5%
Uwe Bohm
3%
Hardy Krüger
2%
Rainer Schaller
2%
Taylor Hawkins
2%

Verteilung der Resultate

Perzentil nach korrekt beantworteten Fragen

Anzahl Personen mit jedem Resultat

Ihre Resultats-Entwicklung

Sie haben dieses Quiz noch nicht gespielt